00450nam a2200169 a 45000010005000000030009000050050017000140080041000310400028000720820020001001000021001202450038001412600040001793000010002194900031002296500020002603886CO-ViMGA20230915225443.0141112s2004 ck r 000 u spa d aCO-ViMGAbspacCO-ViMGA04aU 861.44 B353op1 aBenedetti, Mario10aEl olvido está lleno de memoria aBuenos Aires : bSix Borral, c1996 a177 p aBiblioteca Mario Benedetti14aPOESIA URUGUAYA